000 00967nam2a2200241 4500
001 RU\NLR\BIBL_A\012665993
005 20211224164721.0
010 _a978-5-00025-240-6
021 _aRU
_bКН-П-21-056054
_9КН-П-21-4390
035 _a(NLR Aleph) 012665993
090 _a12770519
_c12770519
100 _a20211215d2021 u y0rusy50 ca
101 0 _arus
102 _aRU
105 _ay z 000zy
200 1 _aСад Идущего
210 _d2021
215 _a170, [2] с.
461 0 _1001RU\NLR\BIBL_A\011952803
_12001#$aСимфония жизни$fО.Н. Чеглаков$vКруг первый, кн. 7
_1700#1$aЧеглаков$bО. Н.$gОлег Николаевич
_911158611
_aЧеглаков, О. Н.
_cСанкт-Петербург
_d2018
_fО.Н. Чеглаков
_nСкифия
_tСимфония жизни
_vКруг первый, кн. 7
942 _cBOOK
980 _aNB